Fuentes ineditos para la historia de la provincia franciscana de la Santisima Trinidad en Chile, siglo XX 1900 - 1953
Uloženo v:
| Hlavní autor: | |
|---|---|
| Médium: | Kniha |
| Jazyk: | španělština |
| Vydáno: |
Santiago
Publicaciones del Archivo Franciscano
1994
|
| Témata: | |
| Tagy: |
Přidat tag
Žádné tagy, Buďte první, kdo vytvoří štítek k tomuto záznamu!
|
MARC
| LEADER | 00000nam a2200000 a 4500 | ||
|---|---|---|---|
| 001 | UCY3182 | ||
| 003 | CL-VaPUC | ||
| 008 | 941214e19940000CL |||||||||||||||||spa|d | ||
| 082 | 0 | 4 | |a 271.3083 |b RAM |2 21 |
| 100 | 0 | |a Ramírez Rivera, Hugo Rodolfo E |e author |9 331410 | |
| 245 | 1 | 0 | |a Fuentes ineditos para la historia de la provincia franciscana de la Santisima Trinidad en Chile, siglo XX 1900 - 1953 |
| 300 | |a 105 p | ||
| 942 | |c BK | ||
| 945 | |d 19941214 00:00:00 |a aalvarez | ||
| 260 | |a Santiago |b Publicaciones del Archivo Franciscano |c 1994 | ||
| 650 | 0 | |a Franciscanos |9 267404 | |
| 651 | 7 | |a CHILE |2 CL-VaPUC |9 331411 | |
| 583 | |a last modification |c 19941214 00:00:00 |k Rodrigo Vera | ||
| 999 | |c 231392 |d 231390 | ||
| 952 | |0 0 |1 0 |4 0 |6 271_308300000000000_RAM_1994 |7 0 |8 A |9 234624 |a BIBTEO |b BIBTEO |d 2019-11-15 |i 3043789 |o 271.3083 RAM 1994 |p 3043789 |r 2025-01-17 |w 2019-11-15 |y BK |k ICR | ||